Taxation.
| Format: | Book |
|---|---|
| Published: |
Geneva:
United Nations,
2000.
|
| Series: | UNCTAD series on issues in international investment agreements
|
| Subjects: |
| LEADER | 00407cam a2200145 7i4500 | ||
|---|---|---|---|
| 001 | 0000013202 | ||
| 005 | 20040114090000.0 | ||
| 020 | 0 | 0 | |a 9211124727 |
| 090 | 0 | 0 | |a I 336.2 |b TAX |
| 245 | 0 | 0 | |a Taxation. |
| 260 | 0 | 0 | |a Geneva: |b United Nations, |c 2000. |
| 300 | # | # | |a 98 p. |
| 440 | 0 | 0 | |a UNCTAD series on issues in international investment agreements |
| 650 | 0 | 0 | |a Taxation |
| 999 | |a 0000012014 |b Book |c Book |e Business Information Centre | ||


